| 000 | 01136nam a22002777a 4500 | ||
|---|---|---|---|
| 001 | 3711 | ||
| 003 | FISKH | ||
| 005 | 20250826090538.0 | ||
| 008 | 240423b cb ||||| |||| 00| 0 eng d | ||
| 020 | _a9789814281294 | ||
| 040 |
_aFISKH _beng _cFISKH _dFISKH |
||
| 050 | _aPZ7 | ||
| 082 | _a398.20943 | ||
| 100 | _aGiles, Jenny | ||
| 245 |
_aSnow White and the seven dwarfs / _cRetold by Jenny Giles ; Illustrated by Pat Reynolds |
||
| 260 |
_aMelbourne : _bTale and Play, _c1999. |
||
| 300 |
_a32 pages : _bcolor illustrations ; _c21 cm |
||
| 505 | _aN | ||
| 520 | _aThe best-known version of 'Snow White' is the one collected by the Brothers Grimm (published 1823). Until 1848, Germany was divided into many small kingdoms, giving rise to countless tales of royalty. An older semi-magical belief, also included in Snow White, was that dwarfs mined gold and silver in remote mountains. Set in a German kingdom, circa 1700. | ||
| 521 | 8 |
_a580
_bLexile estimate |
|
| 521 | 8 |
_aN
_bRaz-Plus |
|
| 650 |
_aSnow White _vFairytale |
||
| 700 |
_aReynolds, Pat _eIllustrator |
||
| 942 |
_2ddc _cBK _n0 |
||
| 999 |
_c3711 _d3711 |
||